=LDR 00000nam 2200000 4500 =001 INLIS000000000046774 =005 20150508165007.0 =006 =007 =008 =035 ##$$0010-051500000000033 =082 ##$$a 028.5 =090 ##$$a 028.5 rat i.3 =100 ##$$a ratna dwi =245 ##$$a lilia =260 ##$$a bumi aksara =300 ##$$a hln. 138 =850 ##$$a NPBMAT =990 ##$$a 0001/BPAP-NTB/20142015